Zamestnanosť v procese štrukturálnych zmien ekonomiky SR (výskumná štúdia) : výskumná úloha: B/VI/132 Stratégia štrukturálnych zmien ekonomiky SR : III. etapa

Guardado en:
Detalles Bibliográficos
Autor principal: Ižová, Eulália
Otros Autores: Ďurďovičová, Marta, 1964-
Formato: Libro
Lenguaje:eslovaco
Publicado: Bratislava Výskumný ústav národohospodársky EU v Bratislave 1993
Edición:1. vyd.
Materias:
Etiquetas: Agregar Etiqueta
Sin Etiquetas, Sea el primero en etiquetar este registro!

MARC

LEADER 00000nam a2200000 4500
001 0205255
005 20240521093947.8
041 0 |a slo 
044 |a SK 
245 1 0 |a Zamestnanosť v procese štrukturálnych zmien ekonomiky SR  |b (výskumná štúdia) : výskumná úloha: B/VI/132 Stratégia štrukturálnych zmien ekonomiky SR : III. etapa  |c riešitelia: Eulália Ižová, Marta Ďurďovičová 
250 |a 1. vyd. 
264 1 |a Bratislava  |b Výskumný ústav národohospodársky EU v Bratislave  |c 1993 
300 |a 79 s. 
610 2 0 |a zamestnanosť 
610 2 0 |a trh práce 
610 2 0 |a zmeny štruktúrne 
610 2 0 |a Slovensko 
100 1 |a Ižová, Eulália 
700 1 |a Ďurďovičová, Marta, 1964-